00501nam a22001697a 450000500170000001000150001702000270003203500130005903700130007208200140008510000170009924500530011626000470016927000550021630000200027150000400029120140827120841.0 aENG-110613 a9789350530207c800.00  aEN-94145 bDBAD/PUB a346.54016 aGalani, H.N. aMarriage law in Indian society /cby H.N. Galani aNew Delhi bCyber Tech Publications c2013 bNew Delhi a4264/3, Ansari Road, Daryaganje110002 a232p.c22cm(Hb) aIncludes bibliographical references